000 00514nam a2200181Ia 4500
005 20250508154603.0
008 008 250505s9999 xx 000 0 eng d
037 _aTextual
040 _aFEDL
_beng
_cFEDL
041 _aeng
_2eng
084 _a370.954, THA
_qFEDL
245 0 _aEducation in the evolution of federation : India 1761:1961
260 _aShimla, India
_bFloris S Thakardas
300 _a298p.
650 _aEducation
942 _cTEXL
_h370.954, THA
999 _c1351042
_d1351042